[Event "4NCL Online Division 6"]
[Site "online"]
[Date "2021.04.20"]
[EventDate "2021.04.20"]
[Round "7.121"]
[White "Thackray, John"]
[WhiteElo "1916"]
[WhiteTeam "St Andrews White Cross 1"]
[Black "Oates, Thomas"]
[BlackElo "1645"]
[BlackTeam "Jan Luke's Cyberwarriors"]
[Result "1-0"]
[PlyCount "58"]

1. c4 f5 2. d4 Nf6 3. Nc3 e6 4. Nf3 Bb4 5. Bd2 O-O 6. a3 Bxc3 7. Bxc3 a5 8. g3 d6 9. Bg2 Ne4 10. Rc1 Nxc3 11. Rxc3 Qe8 12. O-O e5 13. dxe5 dxe5 14. Qd5+ Kh8 15. Qxe5 Qf7 16. e3 Nd7 17. Qxc7 Qh5 18. Qf4 Nf6 19. Qh4 Qf7 20. Ne5 Qe8 21. Qd4 Ra6 22. c5 Re6 23. Nc4 Ne4 24. Bxe4 fxe4 25. Nd6 Rxd6 26. cxd6 Bh3 27. d7 Bxd7 28. Rc7 Rf7 29. Rd1 Be6 1-0

[Event "4NCL Online Division 6"]
[Site "online"]
[Date "2021.04.20"]
[EventDate "2021.04.20"]
[Round "7.122"]
[White "Nancarrow, Richard"]
[WhiteElo "1546"]
[WhiteTeam "Jan Luke's Cyberwarriors"]
[Black "Scott, Ian"]
[BlackElo "1578"]
[BlackTeam "St Andrews White Cross 1"]
[Result "1/2-1/2"]
[PlyCount "49"]

1. d4 Nf6 2. Bf4 g6 3. e3 c5 4. c3 Bg7 5. Be2 Nh5 6. Bxh5 gxh5 7. Qxh5 cxd4 8. cxd4 Nc6 9. Nc3 d6 10. Nf3 Qb6 11. Rb1 Bd7 12. Ng5 Nd8 13. Nf3 Ne6 14. Ng5 Nd8 15. O-O Bf5 16. Nxf7 Bg6 17. Qb5+ Qxb5 18. Nxb5 Kxf7 19. Rbc1 Nc6 20. a3 Bd3 21. Nc7 Rac8 22. Rfd1 Be4 23. Nb5 Na5 24. Rxc8 Rxc8 25. Bxd6 1/2-1/2

[Event "4NCL Online Division 6"]
[Site "online"]
[Date "2021.04.20"]
[EventDate "2021.04.20"]
[Round "7.123"]
[White "Pollard, Michael"]
[WhiteElo "1636"]
[WhiteTeam "St Andrews White Cross 1"]
[Black "Spargo, Philip J"]
[BlackElo "1438"]
[BlackTeam "Jan Luke's Cyberwarriors"]
[Result "1/2-1/2"]
[PlyCount "38"]

1. e4 e5 2. Nf3 d6 3. d4 exd4 4. Nxd4 Nf6 5. Nc3 Be7 6. Bc4 O-O 7. O-O Bd7 8. Qe2 Nc6 9. Be3 Ne5 10. Bd3 Nxd3 11. cxd3 Ng4 12. h3 Nxe3 13. fxe3 Bf6 14. Nb3 Bxc3 15. bxc3 Be6 16. d4 Bxb3 17. axb3 a6 18. c4 Qe7 19. Rf4 f6 1/2-1/2

[Event "4NCL Online Division 6"]
[Site "online"]
[Date "2021.04.20"]
[EventDate "2021.04.20"]
[Round "7.124"]
[White "Scully, Pat"]
[WhiteElo "1495"]
[WhiteTeam "Jan Luke's Cyberwarriors"]
[Black "Rich, Aaron"]
[BlackElo "1627"]
[BlackTeam "St Andrews White Cross 1"]
[Result "0-1"]
[PlyCount "26"]

1. e4 b6 2. Nf3 Bb7 3. Nc3 e6 4. d4 Bb4 5. Bd2 Bxc3 6. Bxc3 Bxe4 7. Bd3 Bb7 8. O-O Ne7 9. Ng5 Ng6 10. d5 Qxg5 11. Bxg7 Nf4 12. g3 Bxd5 13. Bxh8 Nh3# 0-1

[Event "4NCL Online Division 6"]
[Site "online"]
[Date "2021.04.20"]
[EventDate "2021.04.20"]
[Round "7.131"]
[White "Marshall, W John"]
[WhiteElo "1773"]
[WhiteTeam "Horsham 2"]
[Black "Vadalia, Jainill"]
[BlackElo "1140"]
[BlackTeam "Phones Pals Rooks"]
[Result "1-0"]
[PlyCount "77"]

1. e4 e5 2. Nf3 Nc6 3. Bb5 Bc5 4. c3 Nf6 5. O-O O-O 6. Re1 d6 7. d4 exd4 8. cxd4 Bb4 9. Bd2 Bxd2 10. Nbxd2 Bg4 11. Qb3 a6 12. Bd3 Na5 13. Qc2 h6 14. Rad1 Re8 15. Rc1 Rc8 16. b4 Nc6 17. a3 Qe7 18. Re3 Bxf3 19. Nxf3 Nd7 20. Rce1 Qf6 21. Qc3 Re7 22. e5 dxe5 23. dxe5 Qe6 24. Bc4 Qg6 25. e6 fxe6 26. Rxe6 Rxe6 27. Rxe6 Qxe6 28. Bxe6+ Kf8 29. Bxd7 Rd8 30. Qc5+ Kg8 31. Be6+ Kh8 32. h3 Rd1+ 33. Kh2 Rd6 34. Qf5 Rd8 35. Nh4 Ne7 36. Qf7 g5 37. Qf6+ Kh7 38. Qxe7+ Kh8 39. Ng6# 1-0

[Event "4NCL Online Division 6"]
[Site "online"]
[Date "2021.04.20"]
[EventDate "2021.04.20"]
[Round "7.132"]
[White "Lukhi, Neev"]
[WhiteElo "970"]
[WhiteTeam "Phones Pals Rooks"]
[Black "Snook-Lumb, Chris"]
[BlackElo "1715"]
[BlackTeam "Horsham 2"]
[Result "0-1"]
[PlyCount "80"]

1. d4 f5 2. Nc3 Nf6 3. Bf4 e6 4. Nf3 c6 5. e3 d5 6. Ne5 Be7 7. Qd2 Nbd7 8. Be2 O-O 9. h3 Qe8 10. g4 Ne4 11. Nxe4 fxe4 12. Nxd7 Bxd7 13. h4 Qf7 14. O-O-O a5 15. g5 b5 16. h5 Qe8 17. Rdf1 Bb4 18. Qd1 Qe7 19. Bg4 a4 20. Be5 a3 21. b3 c5 22. dxc5 Qxc5 23. Bd4 Qc7 24. h6 g6 25. Bh5 Be8 26. Bg4 Bf7 27. Bg7 Rfc8 28. f3 Bc3 29. fxe4 Bxg7 30. hxg7 Qc3 31. Qe2 Qb2+ 32. Kd1 Qb1+ 33. Kd2 Rxc2+ 34. Kd3 dxe4+ 35. Kd4 Qb2+ 36. Kxe4 Rxe2 37. Bxe2 Qxe2 38. Ke5 Qxe3+ 39. Kf6 Qd4+ 40. Ke7 Qd8# 0-1

[Event "4NCL Online Division 6"]
[Site "online"]
[Date "2021.04.20"]
[EventDate "2021.04.20"]
[Round "7.133"]
[White "Barrowclough, Richard"]
[WhiteElo "1555"]
[WhiteTeam "Horsham 2"]
[Black "Benson, Alice"]
[BlackElo "740"]
[BlackTeam "Phones Pals Rooks"]
[Result "1/2-1/2"]
[PlyCount "95"]

1. e4 e5 2. Bc4 Nc6 3. Nf3 Bc5 4. O-O d6 5. h3 Nf6 6. d3 h6 7. a3 O-O 8. b4 Bb6 9. Bb2 Be6 10. Nbd2 a5 11. b5 Nd4 12. Nxd4 Bxd4 13. Bxd4 exd4 14. a4 Bxc4 15. Nxc4 d5 16. Nd2 dxe4 17. Nxe4 Nxe4 18. dxe4 Qd6 19. Qd3 Rfe8 20. Rfd1 Rad8 21. Rd2 Qb4 22. Rdd1 b6 23. Rdb1 Qe7 24. f3 Qg5 25. Re1 Qc5 26. Re2 f5 27. exf5 Rxe2 28. Qxe2 d3+ 29. Qf2 d2 30. Rd1 Qxc2 31. Qe2 Qxa4 32. Rxd2 Rxd2 33. Qxd2 Qxb5 34. Qd8+ Kh7 35. Kh1 a4 36. f6 gxf6 37. Qxf6 Qe8 38. Qf5+ Qg6 39. Qd7+ Qg7 40. Qf5+ Kg8 41. Qc8+ Kh7 42. Qf5+ Kg8 43. Qe6+ Kh7 44. Qe4+ Kh8 45. Qe8+ Kh7 46. Qe4+ Kh8 47. Qe8+ Kh7 48. Qe4+ 1/2-1/2

[Event "4NCL Online Division 6"]
[Site "online"]
[Date "2021.04.20"]
[EventDate "2021.04.20"]
[Round "7.134"]
[White "Srivastava, Aditya"]
[WhiteElo "654"]
[WhiteTeam "Phones Pals Rooks"]
[Black "Trofin, Marian"]
[BlackElo "1520"]
[BlackTeam "Horsham 2"]
[Result "0-1"]
[PlyCount "68"]

1. d4 d5 2. Bf4 Nc6 3. e3 a6 4. c4 e6 5. Nf3 h6 6. Nc3 Nf6 7. Bd3 Bd6 8. Bg3 O-O 9. Qe2 Re8 10. e4 dxe4 11. Nxe4 Bxg3 12. hxg3 Nxd4 13. Nxd4 Qxd4 14. Nxf6+ Qxf6 15. Qe4 Qf5 16. Qe2 Qa5+ 17. Kf1 Qg5 18. Rh5 Qf6 19. g4 e5 20. g5 hxg5 21. Bh7+ Kf8 22. Qd2 Be6 23. Qb4+ Re7 24. Qxb7 Bxc4+ 25. Kg1 Rd8 26. Qb4 g6 27. Rh3 g4 28. Rc3 Rd2 29. Rf1 Bxf1 30. Rf3 gxf3 31. Qxd2 fxg2 32. Qd8+ Kg7 33. Qg8+ Kh6 34. Qf8+ Kxh7 0-1

[Event "4NCL Online Division 6"]
[Site "online"]
[Date "2021.04.20"]
[EventDate "2021.04.20"]
[Round "7.141"]
[White "Cooper, Malcolm H"]
[WhiteElo "1808"]
[WhiteTeam "Farnham B"]
[Black "Gardner, Tim"]
[BlackElo "1637"]
[BlackTeam "Barnet Knights C"]
[Result "1-0"]
[PlyCount "131"]

1. d4 Nf6 2. c4 e5 3. dxe5 Ng4 4. Nf3 Bc5 5. e3 Nc6 6. Be2 O-O 7. O-O Ngxe5 8. Nc3 a5 9. Nd4 d6 10. Nxc6 bxc6 11. b3 Bf5 12. Bb2 Qd7 13. Na4 Ba7 14. Bxe5 dxe5 15. Qxd7 Bxd7 16. Rfd1 Be8 17. c5 f5 18. Bc4+ Kh8 19. Rd2 g5 20. Rad1 Kg7 21. Rd8 Bb8 22. Be6 Kf6 23. Bd7 Ke7 24. Bxe8 Rxe8 25. R8d7+ Ke6 26. Rxh7 e4 27. Rh6+ Ke5 28. Nb2 f4 29. Rxc6 f3 30. g4 Re6 31. Nc4+ Kf6 32. Rxe6+ Kxe6 33. Rd8 Ke7 34. Rg8 Kf7 35. Rd8 Ke7 36. Rh8 Kf7 37. Nd2 a4 38. b4 c6 39. Kf1 Ke6 40. Nxe4 Kd5 41. Nd2 a3 42. Rd8+ Ke6 43. Nxf3 Ke7 44. Rh8 Ra7 45. Rxb8 Rd7 46. Rh8 Rd1+ 47. Ke2 Ra1 48. Ra8 Rxa2+ 49. Kf1 Ra1+ 50. Kg2 a2 51. Nxg5 Kf6 52. h4 Kg6 53. Nf3 Kf6 54. h5 Kg7 55. g5 Rb1 56. Rxa2 Rxb4 57. Ra7+ Kh8 58. Kg3 Rb8 59. g6 Kg8 60. Ng5 Rf8 61. Ne6 Re8 62. Ng5 Re5 63. Kf4 Rxc5 64. h6 Rc4+ 65. e4 Kf8 66. h7 1-0

[Event "4NCL Online Division 6"]
[Site "online"]
[Date "2021.04.20"]
[EventDate "2021.04.20"]
[Round "7.142"]
[White "Angelopoulos, Nicos"]
[WhiteElo "1625"]
[WhiteTeam "Barnet Knights C"]
[Black "Frostick, Helen M"]
[BlackElo "1697"]
[BlackTeam "Farnham B"]
[Result "1/2-1/2"]
[PlyCount "93"]

1. e4 c5 2. Nf3 Nc6 3. d4 cxd4 4. Nxd4 d6 5. Nc3 Nf6 6. Be2 Nxd4 7. Qxd4 e5 8. Bb5+ Bd7 9. Qa4 Be7 10. Bxd7+ Nxd7 11. Nd5 O-O 12. Nxe7+ Qxe7 13. c3 Qe6 14. O-O Nc5 15. Qc2 f5 16. exf5 Rxf5 17. Be3 b6 18. Rad1 Rf6 19. c4 Rg6 20. b3 Qg4 21. f3 Qe6 22. Qd2 Rf8 23. Qd5 h6 24. Rd2 Kh7 25. Qxe6 Rxe6 26. Rfd1 Rff6 27. Bxc5 dxc5 28. Rd7 a5 29. Re1 Kg6 30. Rd5 Rf5 31. Kf2 h5 32. h3 Kf6 33. g3 g5 34. Rd8 Ke7 35. Rd5 g4 36. hxg4 hxg4 37. f4 Kf6 38. Re4 exf4 39. Rxf5+ Kxf5 40. Rxf4+ Kg5 41. Rf8 Rh6 42. Ke2 Rh3 43. Rg8+ Kf5 44. Rf8+ Kg5 45. Rg8+ Kf5 46. Rf8+ Kg5 47. Rg8+ 1/2-1/2

[Event "4NCL Online Division 6"]
[Site "online"]
[Date "2021.04.20"]
[EventDate "2021.04.20"]
[Round "7.143"]
[White "Bourke, Matt"]
[WhiteElo "1600"]
[WhiteTeam "Farnham B"]
[Black "Angelopoulos, Andreas"]
[BlackElo "1509"]
[BlackTeam "Barnet Knights C"]
[Result "1-0"]
[PlyCount "65"]

1. e4 c5 2. Nf3 d6 3. Bb5+ Nd7 4. O-O a6 5. Be2 Ngf6 6. d3 g6 7. Nbd2 Bg7 8. Re1 O-O 9. c3 b5 10. a4 Bb7 11. Nf1 Qc7 12. Bf4 e5 13. Bg5 Nb6 14. axb5 axb5 15. Qd2 c4 16. dxc4 Nxc4 17. Bxc4 bxc4 18. Ng3 Rxa1 19. Rxa1 Nxe4 20. Nxe4 Bxe4 21. Qe3 f5 22. Ra7 Qb8 23. Ra2 Bxf3 24. gxf3 f4 25. Qe4 h6 26. Be7 Re8 27. Qd5+ Kh7 28. Bxd6 Qb3 29. Ra7 Rg8 30. Bxe5 Qb6 31. Qd7 g5 32. Bxg7 Kg6 33. Qf7+ 1-0

[Event "4NCL Online Division 6"]
[Site "online"]
[Date "2021.04.20"]
[EventDate "2021.04.20"]
[Round "7.144"]
[White "Oh, Julie"]
[WhiteElo "1503"]
[WhiteTeam "Barnet Knights C"]
[Black "Seyfried, Donald"]
[BlackElo "1668"]
[BlackTeam "Farnham B"]
[Result "0-1"]
[PlyCount "76"]

1. e4 c5 2. Nc3 d6 3. f4 Nc6 4. Nf3 g6 5. Bc4 e6 6. O-O Bg7 7. d3 Nge7 8. f5 exf5 9. Ng5 O-O 10. exf5 Bxf5 11. Nxf7 Rxf7 12. Bxf7+ Kxf7 13. g4 Bd4+ 14. Kh1 Kg7 15. gxf5 Nxf5 16. Qf3 Qh4 17. Qf4 Qh3 18. Rf3 Qh5 19. Ne4 Be5 20. Qd2 Qxf3+ 21. Qg2 Qd1+ 22. Qg1 Qxc2 23. Bg5 Qxd3 24. Nf2 Qf3+ 25. Qg2 Ncd4 26. Qxf3 Nxf3 27. Nd3 Nxg5 28. Nxe5 dxe5 29. Rd1 Re8 30. Rd7+ Re7 31. Rd5 b6 32. Rd3 e4 33. Rd1 e3 34. Kg2 Nd4 35. Re1 Ngf3 36. Rc1 e2 37. Kf2 e1=Q+ 38. Rxe1 Nxe1 0-1

[Event "4NCL Online Division 6"]
[Site "online"]
[Date "2021.04.20"]
[EventDate "2021.04.20"]
[Round "7.152"]
[White "Dupuis, Denis K"]
[WhiteElo "1881"]
[WhiteTeam "Battersea Juniors"]
[Black "Jenkins, Simon"]
[BlackElo "1503"]
[BlackTeam "Lerryn Clowns"]
[Result "1-0"]
[PlyCount "93"]

1. e4 e5 2. Nf3 f5 3. Nxe5 Qf6 4. d4 fxe4 5. Bc4 d6 6. Nf7 Qg6 7. Nxh8 Qxg2 8. Rf1 Nf6 9. Nc3 Bh3 10. Qe2 c6 11. d5 Nbd7 12. dxc6 bxc6 13. Qe3 Ne5 14. Be2 d5 15. Qg3 Qxg3 16. fxg3 Bxf1 17. Kxf1 d4 18. Nb1 e3 19. Na3 Bxa3 20. bxa3 Rb8 21. Bd3 a5 22. a4 Nxd3 23. cxd3 Nd5 24. Ba3 Nb4 25. Bxb4 axb4 26. Rc1 Kd7 27. Rc4 Rxh8 28. Rxd4+ Ke6 29. Rxb4 Rf8+ 30. Ke2 Rf2+ 31. Kxe3 Rxh2 32. Rh4 Rxa2 33. Rxh7 Kf6 34. Rh4 Ra3 35. Rc4 c5 36. Ke4 Ke6 37. Rxc5 Rxa4+ 38. d4 Kf6 39. g4 g6 40. g5+ Ke6 41. Rc6+ Kf7 42. Rf6+ Kg7 43. Ke5 Ra2 44. Rb6 Rg2 45. Rb7+ Kh8 46. Kf6 Rf2+ 47. Kxg6 1-0

[Event "4NCL Online Division 6"]
[Site "online"]
[Date "2021.04.20"]
[EventDate "2021.04.20"]
[Round "7.153"]
[White "Reid, Mark"]
[WhiteElo "1440"]
[WhiteTeam "Lerryn Clowns"]
[Black "Agrawal, Shivam"]
[BlackElo "1836"]
[BlackTeam "Battersea Juniors"]
[Result "0-1"]
[PlyCount "38"]

1. d4 d5 2. c4 e6 3. Nc3 Nf6 4. Nf3 b6 5. Bg5 Be7 6. e3 Bb7 7. cxd5 Nxd5 8. Bxe7 Qxe7 9. Rc1 O-O 10. Bd3 Nxc3 11. Rxc3 Rc8 12. O-O Nd7 13. Qc2 Nf6 14. Ng5 h6 15. Ne4 Nd5 16. Rb3 a5 17. a4 Nb4 18. Qb1 Nxd3 19. Qxd3 Ba6 0-1

[Event "4NCL Online Division 6"]
[Site "online"]
[Date "2021.04.20"]
[EventDate "2021.04.20"]
[Round "7.154"]
[White "Steiners, Emils"]
[WhiteElo "1613"]
[WhiteTeam "Battersea Juniors"]
[Black "Jenkins, David R"]
[BlackElo "1423"]
[BlackTeam "Lerryn Clowns"]
[Result "1-0"]
[PlyCount "57"]

1. d4 Nf6 2. c4 c5 3. d5 b5 4. Qc2 bxc4 5. e4 d6 6. Nf3 g6 7. Be2 Bg7 8. Na3 O-O 9. Nxc4 Bg4 10. O-O Bxf3 11. Bxf3 Nbd7 12. Be3 Ne8 13. Rab1 Ne5 14. Be2 Nxc4 15. Bxc4 f5 16. f3 Nc7 17. a3 Kh8 18. Kh1 Rb8 19. b4 cxb4 20. axb4 a6 21. Qd2 Qd7 22. Bd4 fxe4 23. fxe4 Rxf1+ 24. Rxf1 Bxd4 25. Qxd4+ Kg8 26. e5 Rf8 27. Rxf8+ Kxf8 28. e6 Qe8 29. Qh8# 1-0

[Event "4NCL Online Division 6"]
[Site "online"]
[Date "2021.04.20"]
[EventDate "2021.04.20"]
[Round "7.161"]
[White "Caceres de la Calle, Eduardo"]
[WhiteElo "1709"]
[WhiteTeam "Hackney Hungry"]
[Black "Moore, Gillian A"]
[BlackElo "1779"]
[BlackTeam "Wessex Some Stars E"]
[Result "1-0"]
[PlyCount "103"]

1. c4 e5 2. Nc3 Nf6 3. g3 c6 4. Bg2 Be7 5. e3 O-O 6. Nge2 Qa5 7. O-O d5 8. cxd5 cxd5 9. d3 Be6 10. Bd2 Qd8 11. f4 exf4 12. Nxf4 Qd7 13. Nxe6 fxe6 14. e4 d4 15. Ne2 Nc6 16. Qb3 Kh8 17. Bh3 Nd8 18. Nf4 Re8 19. Nxe6 h6 20. Bf5 Nxe6 21. Bxe6 Qd6 22. Rac1 Qb8 23. Bf4 Bd6 24. Rce1 Be5 25. Bf7 Re7 26. Bxe5 Rxe5 27. Rf5 b6 28. Rxe5 Qxe5 29. Qe6 Qxe6 30. Bxe6 Re8 31. Bf5 Nd5 32. Bg6 Re7 33. Rf1 Nf6 34. Rf5 Kg8 35. h3 a6 36. Kf2 Nd7 37. Rd5 Kf8 38. Rxd4 Kg8 39. Ke3 Kf8 40. Rd5 Kg8 41. d4 a5 42. a4 Kf8 43. e5 Kg8 44. g4 Kf8 45. h4 Kg8 46. g5 hxg5 47. hxg5 Kf8 48. Ke4 Kg8 49. Kd3 Kf8 50. Ke4 Kg8 51. Rd6 Nf8 52. Rd8 1-0

[Event "4NCL Online Division 6"]
[Site "online"]
[Date "2021.04.20"]
[EventDate "2021.04.20"]
[Round "7.162"]
[White "Coburn, Joseph A"]
[WhiteElo "1777"]
[WhiteTeam "Wessex Some Stars E"]
[Black "Burgoyne, Peter A"]
[BlackElo "1701"]
[BlackTeam "Hackney Hungry"]
[Result "0-1"]
[PlyCount "86"]

1. e4 c5 2. Nf3 Nc6 3. d4 cxd4 4. Nxd4 g6 5. Nc3 Bg7 6. Be3 d6 7. Qd2 Nf6 8. f3 Bd7 9. Be2 a6 10. O-O O-O 11. Nb3 b5 12. Bh6 Rc8 13. Bxg7 Kxg7 14. Nd5 Nxd5 15. exd5 Ne5 16. Kh1 Kg8 17. c3 Qc7 18. Qh6 Nc4 19. Bxc4 Qxc4 20. Rfd1 Qc7 21. Rd4 f5 22. Rh4 Rf7 23. Re1 Qb7 24. Rd1 Rc4 25. Na5 Rxh4 26. Qxh4 Qb6 27. Nb3 Qe3 28. Qd4 Qxd4 29. Nxd4 Rf8 30. Re1 Kf7 31. Kg1 Rc8 32. Nb3 b4 33. Rc1 bxc3 34. bxc3 e6 35. dxe6+ Bxe6 36. Kf2 Rb8 37. c4 Rb4 38. c5 dxc5 39. Nxc5 Rb2+ 40. Kg3 Rxa2 41. Rb1 g5 42. Rb7+ Kf6 43. Rb6 f4# 0-1

[Event "4NCL Online Division 6"]
[Site "online"]
[Date "2021.04.20"]
[EventDate "2021.04.20"]
[Round "7.163"]
[White "Neame, Robert"]
[WhiteElo "1328"]
[WhiteTeam "Hackney Hungry"]
[Black "Blanden, Edward"]
[BlackElo "1712"]
[BlackTeam "Wessex Some Stars E"]
[Result "1/2-1/2"]
[PlyCount "145"]

1. d4 Nf6 2. c4 e6 3. Nf3 d5 4. Bg5 Bb4+ 5. Nc3 h6 6. Bh4 O-O 7. e3 c5 8. Be2 g5 9. Bg3 Ne4 10. Qc2 Qa5 11. O-O Bxc3 12. bxc3 Nxc3 13. cxd5 Nxe2+ 14. Qxe2 cxd4 15. Nxd4 Qxd5 16. Nb5 Na6 17. e4 Qd8 18. Nd6 Qe7 19. e5 Nc5 20. f4 b6 21. fxg5 Ba6 22. Qg4 Qxg5 23. Qxg5+ hxg5 24. Rf6 Kg7 25. h4 gxh4 26. Bxh4 Nd7 27. Rf3 f5 28. exf6+ Nxf6 29. Rc1 Nd5 30. Ne4 Rxf3 31. gxf3 Rf8 32. Kf2 Bd3 33. Ng5 Bf5 34. Rg1 Kh6 35. Bg3 Nf6 36. Bf4 Rc8 37. Nxe6+ Kh7 38. Ng5+ Kh8 39. Rh1+ Kg8 40. Be5 Rc2+ 41. Ke3 Nh7 42. Rg1 Bg6 43. Ne6 Kf7 44. Nd8+ Ke7 45. Rxg6 Kxd8 46. Rg8+ Ke7 47. Rg7+ Ke6 48. Rxh7 Kxe5 49. f4+ Kf5 50. Rxa7 Rc3+ 51. Kd4 Rc5 52. Rb7 Kxf4 53. Rxb6 Ra5 54. Rb2 Kf5 55. Kc4 Ke6 56. Kb4 Ra6 57. a4 Kd6 58. Kb5 Ra8 59. Rc2 Rb8+ 60. Ka5 Ra8+ 61. Kb4 Rb8+ 62. Ka3 Rb6 63. a5 Rc6 64. Rxc6+ Kxc6 65. Kb4 Kb7 66. Kb5 Ka7 67. a6 Kb8 68. Kb6 Ka8 69. Kb5 Ka7 70. Ka5 Ka8 71. Kb6 Kb8 72. a7+ Ka8 73. Ka6 1/2-1/2

[Event "4NCL Online Division 6"]
[Site "online"]
[Date "2021.04.20"]
[EventDate "2021.04.20"]
[Round "7.164"]
[White "Joyce, Tim"]
[WhiteElo "1698"]
[WhiteTeam "Wessex Some Stars E"]
[Black "Ellis, Bryan Timothy"]
[BlackElo "1249"]
[BlackTeam "Hackney Hungry"]
[Result "1-0"]
[PlyCount "87"]

1. c4 b6 2. Nf3 Bb7 3. g3 Nf6 4. Bg2 e6 5. O-O d5 6. cxd5 Bxd5 7. Nc3 Bb7 8. a3 Be7 9. b4 Nbd7 10. d3 c5 11. bxc5 Nxc5 12. Bf4 Bd6 13. d4 Bxf4 14. dxc5 Qxd1 15. Rfxd1 Bc7 16. Nb5 Bb8 17. Nd6+ Bxd6 18. cxd6 O-O 19. Ne5 Bxg2 20. Kxg2 Rfd8 21. Rac1 Kf8 22. Rc7 Ne8 23. Rxf7+ Kg8 24. d7 Nf6 25. Re7 Kf8 26. Rxe6 Nxd7 27. Rxd7 Rxd7 28. Nxd7+ Kf7 29. Re3 Rc8 30. f4 Rc2 31. Kf3 Rc1 32. Rd3 Ke6 33. Ne5 b5 34. e4 a6 35. h4 a5 36. Ke3 b4 37. axb4 axb4 38. Rb3 Rc3+ 39. Rxc3 bxc3 40. Kd3 c2 41. Kxc2 g6 42. Kd3 Kf6 43. Kd4 g5 44. hxg5+ 1-0

[Event "4NCL Online Div 6 Playoff"]
[Site "online"]
[Date "2021.05.04"]
[EventDate "2021.05.04"]
[Round "8.11"]
[White "Thackray, John"]
[WhiteElo "1916"]
[WhiteTeam "St Andrews White Cross 1"]
[Black "Gardiner, Harry"]
[BlackElo "1651"]
[BlackTeam "Crewe BOL"]
[Result "1/2-1/2"]
[PlyCount "42"]

1. c4 Nf6 2. d4 e6 3. Nc3 d5 4. Nf3 Be7 5. Bg5 O-O 6. e3 Nbd7 7. Bd3 a6 8. O-O dxc4 9. Bxc4 b5 10. Bd3 c5 11. Ne4 Bb7 12. Bxf6 Bxf6 13. Nxc5 Nxc5 14. dxc5 Bxf3 15. gxf3 Bxb2 16. Rb1 Qg5+ 17. Kh1 Ba3 18. Bxh7+ Kxh7 19. Qd3+ Qf5 20. Qxa3 Qxf3+ 21. Kg1 Qg4+ 1/2-1/2

[Event "4NCL Online Div 6 Playoff"]
[Site "online"]
[Date "2021.05.04"]
[EventDate "2021.05.04"]
[Round "8.12"]
[White "Michalek, Lukasz"]
[WhiteElo "1599"]
[WhiteTeam "Crewe BOL"]
[Black "Pollard, Michael"]
[BlackElo "1636"]
[BlackTeam "St Andrews White Cross 1"]
[Result "1-0"]
[PlyCount "87"]

1. e4 e5 2. Nf3 Nc6 3. d4 exd4 4. Nxd4 Nxd4 5. Qxd4 Qf6 6. Qxf6 Nxf6 7. Nc3 Bb4 8. Bd3 d6 9. Bd2 Bxc3 10. Bxc3 Be6 11. f4 O-O 12. O-O-O Bg4 13. Rde1 Bd7 14. h3 Bc6 15. g4 Nd7 16. b4 b6 17. a3 Rfe8 18. g5 d5 19. exd5 Bxd5 20. Rxe8+ Rxe8 21. Rd1 c6 22. Bc4 Bxc4 23. Rxd7 Be6 24. Rxa7 Bxh3 25. Ra6 c5 26. Rxb6 cxb4 27. Bxb4 Rc8 28. Rd6 Bf5 29. c3 Be6 30. Kd2 h5 31. gxh6 gxh6 32. f5 Bxf5 33. Rxh6 Kg7 34. Rh4 Kf6 35. a4 Ke5 36. Ke3 Be6 37. a5 Kd5 38. Rd4+ Kc6 39. Rd6+ Kb7 40. Rb6+ Ka7 41. Kd4 Rd8+ 42. Bd6 Rc8 43. Bc5 Rd8+ 44. Rd6+ 1-0

[Event "4NCL Online Div 6 Playoff"]
[Site "online"]
[Date "2021.05.04"]
[EventDate "2021.05.04"]
[Round "8.13"]
[White "Triffitt, Bradley"]
[WhiteElo "1549"]
[WhiteTeam "St Andrews White Cross 1"]
[Black "Price, David P"]
[BlackElo "1555"]
[BlackTeam "Crewe BOL"]
[Result "1-0"]
[PlyCount "61"]

1. d4 Nf6 2. c4 d5 3. cxd5 Qxd5 4. Nc3 Qd8 5. Nf3 e6 6. e4 Bb4 7. Qc2 Bd7 8. Bd3 Nh5 9. e5 Bc6 10. Be4 f5 11. Bxc6+ Nxc6 12. Qb3 Qd7 13. O-O Bxc3 14. bxc3 b6 15. Ba3 Nf4 16. g3 Nd5 17. c4 Na5 18. Qc2 Ne7 19. Rac1 O-O 20. d5 exd5 21. Bxe7 Qxe7 22. cxd5 Rac8 23. Rfe1 Nb7 24. Qc4 Kh8 25. Nd4 Qc5 26. Ne6 Qxc4 27. Rxc4 Rf7 28. d6 c5 29. Ng5 Rd7 30. e6 Rxd6 31. Nf7+ 1-0

[Event "4NCL Online Div 6 Playoff"]
[Site "online"]
[Date "2021.05.04"]
[EventDate "2021.05.04"]
[Round "8.14"]
[White "Nienaber, Kobus"]
[WhiteElo "1472"]
[WhiteTeam "Crewe BOL"]
[Black "Scott, Ian"]
[BlackElo "1578"]
[BlackTeam "St Andrews White Cross 1"]
[Result "1-0"]
[PlyCount "65"]

1. d4 Nf6 2. Bf4 g6 3. Nf3 Bg7 4. Nc3 O-O 5. e4 d6 6. Bd3 c5 7. dxc5 dxc5 8. O-O Nc6 9. Nb5 Nh5 10. Bc7 Qd7 11. Be2 a6 12. Qxd7 Bxd7 13. Nc3 Bxc3 14. bxc3 b5 15. Bb6 Nf4 16. Rfe1 Ne6 17. Rad1 Bc8 18. Rd5 c4 19. Be3 Bb7 20. Rd7 Bc8 21. Rd2 Rd8 22. Red1 Rxd2 23. Rxd2 Rb8 24. Nd4 Nexd4 25. cxd4 e6 26. c3 Rb7 27. d5 exd5 28. exd5 Ne5 29. f4 Ng4 30. Bc5 Nf6 31. Bf3 Bf5 32. d6 Bd3 33. Bxb7 1-0

[Event "4NCL Online Div 6 Playoff"]
[Site "online"]
[Date "2021.05.04"]
[EventDate "2021.05.04"]
[Round "8.21"]
[White "Buanne, Luca"]
[WhiteElo "1903"]
[WhiteTeam "Battersea Juniors"]
[Black "Habershon, Paul F"]
[BlackElo "1948"]
[BlackTeam "MK Phoenix 3"]
[Result "0-1"]
[PlyCount "86"]

1. d4 Nf6 2. c4 e6 3. Nc3 c5 4. d5 exd5 5. cxd5 d6 6. e4 g6 7. f4 Bg7 8. Bb5+ Nfd7 9. a4 O-O 10. Nf3 Na6 11. O-O Nc7 12. Bd3 a6 13. Re1 Re8 14. e5 dxe5 15. d6 Ne6 16. fxe5 Nd4 17. Nd5 Nxf3+ 18. Qxf3 Nxe5 19. Rxe5 Rxe5 20. Bf4 Qxd6 21. Bxe5 Bxe5 22. Re1 Be6 23. Nf6+ Bxf6 24. Qxf6 Qd4+ 25. Qxd4 cxd4 26. Be4 Rd8 27. Bxb7 a5 28. Re2 Rd6 29. Be4 Kg7 30. Rd2 Kf6 31. Kf2 Ke5 32. Bc2 Rb6 33. Bd1 Rb4 34. Re2+ Kd5 35. Rd2 Bd7 36. b3 Be6 37. Kf3 h5 38. h3 Ke5 39. Rd3 Bf5 40. Rd2 g5 41. g4 Be4+ 42. Kf2 h4 43. Be2 Rxb3 0-1

[Event "4NCL Online Div 6 Playoff"]
[Site "online"]
[Date "2021.05.04"]
[EventDate "2021.05.04"]
[Round "8.22"]
[White "Valentine, Brian J"]
[WhiteElo "1922"]
[WhiteTeam "MK Phoenix 3"]
[Black "Dupuis, Denis K"]
[BlackElo "1881"]
[BlackTeam "Battersea Juniors"]
[Result "1/2-1/2"]
[PlyCount "138"]

1. e4 e5 2. Nf3 Nc6 3. Bb5 f5 4. d3 fxe4 5. dxe4 Nf6 6. O-O Bc5 7. Qd3 d6 8. Nc3 O-O 9. Bg5 Be6 10. Bc4 Qe8 11. Na4 Bb6 12. Nxb6 axb6 13. a3 Qf7 14. Bxe6 Qxe6 15. Rad1 h6 16. Bxf6 Rxf6 17. Qd5 Raf8 18. c4 Kh7 19. Qxe6 Rxe6 20. Nd2 Nd4 21. f3 Kg6 22. Nb1 c6 23. Nc3 Ref6 24. Rd2 Kf7 25. Ne2 Nxe2+ 26. Rxe2 Ke6 27. Rd1 Rd8 28. Red2 Rf7 29. Kf2 Rfd7 30. Rd3 g5 31. Rb3 h5 32. Rxb6 Rc7 33. Rd3 Rdd7 34. h3 h4 35. Rdb3 Ke7 36. Re3 Ke6 37. Ke2 Ke7 38. Rd3 Ke6 39. Kd2 Ke7 40. a4 Rc8 41. Rdb3 Rcc7 42. Rd3 Ke6 43. b4 Ke7 44. a5 Ke6 45. b5 cxb5 46. cxb5 Rc5 47. Rc3 Rxc3 48. Kxc3 Rc7+ 49. Kd2 Kd7 50. a6 bxa6 51. bxa6 Ra7 52. Kc3 Kc7 53. Rb7+ Rxb7 54. axb7 Kxb7 55. Kb4 Kb6 56. Kc4 Kc6 57. Kb4 Kb6 58. Kc4 Kc6 59. Kb4 d5 60. exd5+ Kxd5 61. Kc3 e4 62. fxe4+ Kxe4 63. Kd2 Kf4 64. Ke2 Kg3 65. Kf1 Kh2 66. Kf2 Kh1 67. Kf1 Kh2 68. Kf2 Kh1 69. Kf1 Kh2 1/2-1/2

[Event "4NCL Online Div 6 Playoff"]
[Site "online"]
[Date "2021.05.04"]
[EventDate "2021.05.04"]
[Round "8.23"]
[White "Agrawal, Shivam"]
[WhiteElo "1836"]
[WhiteTeam "Battersea Juniors"]
[Black "Whiteside, Robert"]
[BlackElo "1876"]
[BlackTeam "MK Phoenix 3"]
[Result "1/2-1/2"]
[PlyCount "75"]

1. d4 Nf6 2. c4 e5 3. dxe5 Ng4 4. Bf4 Nc6 5. Nf3 Bb4+ 6. Nbd2 Qe7 7. a3 Ngxe5 8. Nxe5 Nxe5 9. Bxe5 Bxd2+ 10. Qxd2 Qxe5 11. g3 d6 12. Bg2 O-O 13. O-O c6 14. Rad1 Be6 15. b3 Rad8 16. e4 a5 17. Qd4 a4 18. bxa4 Qxd4 19. Rxd4 c5 20. Rd2 Bxc4 21. Rb1 Ra8 22. Rxd6 Rxa4 23. Rxb7 Rxa3 24. Rd1 Be6 25. f4 g6 26. Rc7 Rc3 27. f5 gxf5 28. exf5 Bxf5 29. Rd5 Rc1+ 30. Kf2 Rc2+ 31. Kf3 Rxg2 32. Rxf5 Rxh2 33. Rfxc5 Ra2 34. Rc8 Ra3+ 35. Kf4 Rxc8 36. Rxc8+ Kg7 37. g4 Ra5 38. Rc4 1/2-1/2